Statistics for Equatorial Countries in Africa

Click here to take the quiz!

General Stats

  • This quiz has been taken 20 times
  • The average score is 6 of 7

Answer Stats

Countries% Correct
D.R. Congo
100%
Gabon
100%
Republic of the Congo
100%
Somalia
95%
Kenya
89%
Uganda
89%
São Tomé and Príncipe
74%

Score Distribution

Percentile by Number Answered

Percent of People with Each Score

Your Score History

You have not taken this quiz